Annotated Ontario Mental Health Statutes

Bibliographic Details
Main Author: Schneider, Richard D.
Format: eBook
Language:English
Published: Toronto: Irwin Law Inc., 2007
Edition:Cuarta Edicin̤
Subjects:
Online Access:Acceso restringido

MARC

LEADER 00000nam a22000007a 4500
005 20210804215934.0
007 cr|||| ||||
008 210804s2007 ca |||||s|||| 00||0 eng d
020 |a 9781552212882 
035 |a 34876 
040 |a vLex 
090 |c 11902  |d 11902 
100 1 |a Schneider, Richard D. 
245 1 0 |a Annotated Ontario Mental Health Statutes  |h [Recurso electrn̤ico] :  |c Richard D. Schneider 
250 |a Cuarta Edicin̤ 
256 |a Servicio en ln̕ea 
260 |a Toronto:  |b Irwin Law Inc.,  |c 2007 
300 |a 1 recurso electrn̤ico 
500 |a The Annotated Ontario Mental Health Statutes, 4th ed. is an up-to-date, centralized source of legislation and analysis in the area of mental health for Ontario. Consolidated versions of the following legislation and related forms are included: Mental Health Act and regulations Health Care Consent Act and regulations including discussion of Community Treatment Orders** Substitute Decisions Act and regulations Mental Hospitals Act and regulations Public Hospitals Act and regulations Freedom of Information Act Personal Health Information Protection Act and regulations** ** new since last edition The Canadian Charter of Rights and Freedoms and the relevant sections of the Criminal Code are also included. This edition contains the major revisions to the mental health provisions in Part XX.1 of the Criminal Code, which formed part of Bill C-10, proclaimed in force in 2005. Also new in this edition is the Crown Practice Memorandum on the Diversion of Mentally Disordered Accused. For the first time, a table of cases has been provided. Annotations cover case law from Ontario as well as other jurisdictions for the period up to November 2006. Case law annotations range in length from a few sentences to the full text of the judgment. Commentaries are practical and to the point. The format is easy to use and places the updated case law annotations and commentary adjacent to the legislative provisions to which they relate, following the logical organization of the statutes. 
506 1 |a Disponible solo en los productos indicados  |d vLex Global  |d vLex Global (Academic Edition, excluding Law Schools)  |d vLex Global (U.S. Academic Edition, Law Schools)  |d vLex Global (U.S. Academic Edition, excluding Law Schools)  |d vLex Global (Academic Edition, Law Schools) 
650 0 4 |a Derecho Pb︢lico y Administrativo  |z Canad̀ 
650 0 4 |a Medicina  |z Canad̀ 
740 0 |a vLex Libros (Servicio en ln̕ea) 
856 4 0 |u https://app.vlex.com/#/sources/34876  |z Acceso restringido 
942 |c BOOK 
999 0 |a Public and Administrative Law 
999 0 |a Medicine